| 000 -LEADER |
| fixed length control field |
00474cam a22001337a 4500 |
| 008 - FIXED-LENGTH DATA ELEMENTS--GENERAL INFORMATION |
| fixed length control field |
180718b1991 xxu||||| |||| 00| 0 eng d |
| 082 ## - DEWEY DECIMAL CLASSIFICATION NUMBER |
| Classification number |
T39 R312 |
| 100 ## - MAIN ENTRY--PERSONAL NAME |
| Personal name |
Colloquium on Foreign Trade, GATT and Third World Development (July 27-28, 1991: Senate Hall, Bangalore) |
| 245 ## - TITLE STATEMENT |
| Title |
Proceedings |
| 260 ## - PUBLICATION, DISTRIBUTION, ETC. |
| Place of publication, distribution, etc. |
New Delhi |
| Name of publisher, distributor, etc. |
National Working Group on Patent Laws |
| Date of publication, distribution, etc. |
1991 |
| 300 ## - PHYSICAL DESCRIPTION |
| Extent |
194p. |
| 650 ## - SUBJECT ADDED ENTRY--TOPICAL TERM |
| Topical term or geographic name entry element |
General Agreements on Tariff and Trade (GATT) |
| 650 ## - SUBJECT ADDED ENTRY--TOPICAL TERM |
| Topical term or geographic name entry element |
International trade |